Statistiques concernant Marques de Voitures (facile)

Cliquez ici pour prendre le quiz!

Statistiques générales

  • Ce quiz a été pris 3 021 fois
  • Le résultat moyen est 6 sur 15

Statistiques - réponses

ModèleRéponse% Correct
F-150Ford
84%
CorollaToyota
77%
AventadorLamborghini
59%
CrvHonda
54%
WranglerJeep
48%
PhantomRolls-royce
46%
JettaVolkswagen
45%
ContinentalBentley
40%
MaximaNissan
35%
AccentHyundai
33%
SonicChevrolet
25%
ForesterSubaru
23%
ForteKia
19%
SierraGmc
10%
Lr3Land-Rover
10%

Distribution des résultats

Percentile par nombre de réponses

% des personnes avec chaque résultat

Votre développement - résultats

Vous n’avez pas pris ce quiz